Neželezné kovy a slitiny

Bibliographic Details
Main Author: Sedláček, Vladimír (Author)
Format: Book
Language:Undetermined
Published: Praha Státní nakladatelství technické literatury 1979

MARC

LEADER 00000nam a2200000 a 4500
001 vtls001265550
003 SK-MaSNL
005 20260301234550.0
008 240315s1979 xx 0 und
035 |a SNK000216480 
040 |a SNK  |b slo  |c SNK  |e AACR2 
100 1 |a Sedláček, Vladimír  |4 aut  |9 391765 
245 1 |a Neželezné kovy a slitiny 
260 |a Praha  |b Státní nakladatelství technické literatury  |c 1979 
300 |a 398 s. 
958 |a OND 
999 |c 970673  |d 972603 
952 |t P60, <04>, [BOOK], {604}  |a SNK  |b SNK  |y VYP  |7 0  |p 17A0018456  |o snkIC 81325 D1  |0 0  |1 1  |4 0  |d 1996-11-07  |l 0  |r 2005-01-01 00:00:00  |w 2026-02-24 
952 |t P60, <04>, [BOOK], {604}  |a SNK  |b SNK  |y VYP  |7 0  |p 17A0188735  |o snkIC 81325  |0 0  |1 0  |4 0  |d 1999-04-09  |l 0  |r 2005-01-01 00:00:00  |w 2026-02-24